| 000 | 00710nam a2200217 i 4500 | ||
|---|---|---|---|
| 001 | 15937 | ||
| 003 | ES-MaACL | ||
| 005 | 20230906151212.0 | ||
| 007 | t| | ||
| 008 | 000524s1999 sp ||||1| spa d | ||
| 020 | _a84-493-0798-8 | ||
| 080 | _a821.112.2-94"19" | ||
| 100 | 1 |
_aGrass, Günter. _959693 |
|
| 245 | 1 | 0 |
_aEscribir después de Auschwitz _b: reflexiones sobre Alemania: un escritor hace el balance de 35 años : (lectura literaria, Francfort del Meno, 1990) / _cGünter Grass. |
| 260 |
_aBarcelona : _bPaidós, _c[1999] |
||
| 300 |
_a59 p. ; _c17 cm. |
||
| 490 | 1 | _aPaidós asterisco | |
| 830 | 0 |
_aPaidós asterisco _9180329 |
|
| 852 |
_aES-MaACL _jL-22905 _bR.128026 |
||
| 999 |
_c15937 _d15937 |
||